MARC details
| 000 -CABECERA |
| campo de control de longitud fija |
01012nam a22002653a 4500 |
| 005 - FECHA Y HORA DE LA ÚLTIMA TRANSACCIÓN |
| campo de control |
20240924065347.0 |
| 008 - ELEMENTOS DE LONGITUD FIJA--INFORMACIÓN GENERAL |
| campo de control de longitud fija |
010615s1996 mx fr 000 0 spa d |
| 035 ## - NÚMERO DE CONTROL DEL SISTEMA |
| Número de control de sistema |
UPN01000108396 |
| 049 ## - COLECCIÓN |
| Colección |
F |
| 050 #4 - SIGNATURA TOPOGRÁFICA DE LA BIBLIOTECA DEL CONGRESO |
| Número de clasificación |
LB2305 |
| Número de documento/Ítem |
E5.7 no.5 |
| 100 1# - ASIENTO PRINCIPAL--NOMBRE PERSONAL |
| Nombre de persona |
Farrell, Glen. |
| 245 13 - MENCIÓN DE TÍTULO |
| Título |
El papel de la tecnología en la educación superior en América Latina del Norte : |
| Resto del título |
implicaciones de política / |
| Mención de responsabilidad, etc. |
por Glen Farrell, Sally Johnstone y Patricio López de Puerto. |
| 260 ## - PUBLICACIÓN, DISTRIBUCIÓN, ETC. |
| Lugar de publicación, distribución, etc. |
Boulder, Colo. : |
| Nombre del editor, distribuidor, etc. |
WICHE : |
| -- |
CONAHEC, |
| Fecha de publicación, distribución, etc. |
1996. |
| 300 ## - DESCRIPCIÓN FÍSICA |
| Extensión |
25 p. |
| 440 #0 - MENCIÓN DE SERIE/ASIENTO SECUNDARIO--TÍTULO |
| Título |
Entendiendo las diferencias. |
| Nombre de parte o sección de la obra |
Cuaderno de trabajo ; |
| Designación de volumen o secuencia |
no.5) |
| 500 ## - NOTA GENERAL |
| Nota general |
"Serie sobre la educación superior en México, Canadá y los Estados Unidos". |
| 650 24 - ASIENTO SECUNDARIO DE MATERIA - TERMINO TEMATICO |
| Término de materia o nombre geográfico como elemento de entrada |
Educación superior |
| Subdivisión geográfica |
México |
| 9 (RLIN) |
4968 |
| 650 27 - ASIENTO SECUNDARIO DE MATERIA - TERMINO TEMATICO |
| Término de materia o nombre geográfico como elemento de entrada |
Educación superior |
| Subdivisión geográfica |
Estados Unidos |
| Fuente del encabezamiento o término |
|
| 9 (RLIN) |
15203 |
| 650 #4 - ASIENTO SECUNDARIO DE MATERIA - TERMINO TEMATICO |
| Término de materia o nombre geográfico como elemento de entrada |
Educación y Estado |
| 9 (RLIN) |
19 |
| 700 1# - ASIENTO SECUNDARIO--NOMBRE DE PERSONAL |
| Nombre de persona |
Johnstone, Sally, |
| Término indicativo de función/relación |
coaut. |
| 700 1# - ASIENTO SECUNDARIO--NOMBRE DE PERSONAL |
| Nombre de persona |
López de Puerto, Francisco, |
| Término indicativo de función/relación |
coaut. |
| 901 ## - ELEMENTOS DE DATOS A LOCAL LDA (RLIN) |
| a |
173516 |
| 902 ## - ELEMENTOS DE DATOS B LOCAL, LDB (RLIN) |
| Creó |
MME/pgv |
| 905 ## - TIPO DE MATERIAL |
| Tipo de material |
Libro |